[Event "1MCR_3DE_1L_2S"]
[Site "?"]
[Date "2005.??.??"]
[Round "2"]
[White "Svajdler, Frantisek"]
[Black "Trcka, Vaclav"]
[Result "1-0"]
[WhiteElo "2168"]
[BlackElo "2175"]
[PlyCount "53"]
[EventDate "2005.??.??"]
[EventType "corr"]
[SourceDate "2005.03.20"]

1. d4 Nf6 2. c4 g6 3. Nc3 Bg7 4. e4 d6 5. Nf3 O-O 6. Be2 e5 7. O-O Nc6 8. d5
Ne7 9. Nd2 a5 10. a3 Nd7 11. Rb1 f5 12. b4 Kh8 13. Qc2 f4 14. Bb2 b6 15. Nb5 g5
16. Bc3 axb4 17. axb4 Nf6 18. Ra1 Ba6 19. c5 bxc5 20. bxc5 g4 21. Bc4 dxc5 22.
Nxc7 Qxc7 23. Bxa6 Rab8 24. Bd3 Nd7 25. Nc4 Nc8 26. Ba5 Qb7 27. Rfb1 1-0

[Event "1MCR_3DE_1L_3S"]
[Site "?"]
[Date "2005.??.??"]
[Round "3"]
[White "Motejzik, Jaroslav"]
[Black "Mika, Petr"]
[Result "1/2-1/2"]
[WhiteElo "2000"]
[BlackElo "1715"]
[PlyCount "50"]
[EventDate "2005.??.??"]
[EventType "corr"]
[SourceDate "2005.03.20"]

1. d4 Nf6 2. c4 g6 3. Nc3 Bg7 4. e4 d6 5. Nf3 O-O 6. Be2 e5 7. O-O Nc6 8. d5
Ne7 9. b4 Nh5 10. Re1 f5 11. Ng5 Nf4 12. Bxf4 exf4 13. Rc1 Bf6 14. Ne6 Bxe6 15.
dxe6 Bxc3 16. Rxc3 fxe4 17. Bf1 e3 18. fxe3 a5 19. b5 fxe3 20. Rcxe3 c6 21.
bxc6 bxc6 22. Rb3 Qc7 23. Qd4 Rab8 24. Rxb8 Qxb8 25. Bd3 Qb4 1/2-1/2

[Event "1MCR_3DE_1L_2S"]
[Site "?"]
[Date "2005.??.??"]
[Round "2"]
[White "Sedlaty, Martin"]
[Black "Toman, Antonin"]
[Result "0-1"]
[WhiteElo "1800"]
[BlackElo "2209"]
[PlyCount "130"]
[EventDate "2005.??.??"]
[EventType "corr"]
[SourceDate "2005.03.20"]

1. e4 e5 2. Nf3 Nc6 3. d4 exd4 4. Nxd4 Bc5 5. Be3 Qf6 6. c3 Qg6 7. Nb5 Bxe3 8.
Nxc7+ Kd8 9. Nxa8 Bf4 10. Qf3 Bh6 11. Qd3 b6 12. Na3 Bb7 13. Nxb6 axb6 14. f3
Bf4 15. g3 Bc7 16. Bg2 f5 17. exf5 Qe8+ 18. Kd2 Qh5 19. f4 Ne5 20. Qf1 Nf3+ 21.
Kc1 Nh6 22. f6 Re8 23. Nc2 gxf6 24. b3 Nf5 25. Qf2 Bc6 26. a4 N3d4 27. Nxd4
Nxd4 28. Qxd4 Bxg2 29. Rd1 Re7 30. Rd2 Qf3 31. b4 Bh3 32. Kb2 Qc6 33. b5 Qe6
34. c4 Qf5 35. Qd5 Qxd5 36. cxd5 Re4 37. d6 Bb8 38. Ra3 Be6 39. Kc3 Kc8 40. Ra1
Kb7 41. f5 Bg8 42. Kc2 h5 43. Kc3 Bh7 44. Rd5 Re2 45. Rh1 Rf2 46. Re1 Bxf5 47.
Red1 Bg6 48. R5d2 Rf3+ 49. Kb2 Re3 50. Rd4 Kc8 51. Rf4 Re6 52. Rfd4 Be4 53. Kb3
f5 54. Kb4 h4 55. gxh4 Rh6 56. Kc4 Rxh4 57. R1d2 Rh6 58. Kb3 Rf6 59. Kb4 Bf3
60. a5 bxa5+ 61. Kxa5 Kb7 62. Rh4 Bxd6 63. Rh7 Kc8 64. Rd3 Be4 65. Rc3+ Bc7+
0-1

[Event "1MCR_3DE_1L_2S"]
[Site "?"]
[Date "2005.??.??"]
[Round "2"]
[White "Paukert, Martin"]
[Black "Pravec, Ladislav"]
[Result "1/2-1/2"]
[WhiteElo "2057"]
[BlackElo "2381"]
[PlyCount "49"]
[EventDate "2005.??.??"]
[EventType "corr"]
[SourceDate "2005.03.20"]

1. f4 d5 2. Nf3 g6 3. g3 Bg7 4. Bg2 Nf6 5. O-O O-O 6. d3 c5 7. c3 Nc6 8. Qc2 d4
9. Nbd2 Nd5 10. Ne4 b6 11. Bd2 Bb7 12. c4 Ne3 13. Bxe3 dxe3 14. Nc3 Nd4 15.
Nxd4 Bxg2 16. Ne6 Qc8 17. Nxf8 Qh3 18. Nxg6 hxg6 19. Ne4 f6 20. Qa4 Bxe4 21.
dxe4 Kf7 22. Qc6 Rh8 23. Qd5+ Ke8 24. Qc6+ Kf8 25. Qa8+ 1/2-1/2

[Event "1MCR_3DE_1L_3S"]
[Site "?"]
[Date "2005.??.??"]
[Round "3"]
[White "Schwarz, Jan"]
[Black "Peroutik, Jiri"]
[Result "1/2-1/2"]
[WhiteElo "2295"]
[BlackElo "1822"]
[PlyCount "50"]
[EventDate "2005.??.??"]
[EventType "corr"]
[SourceDate "2005.03.20"]

1. e4 e6 2. d4 d5 3. Nd2 Nf6 4. e5 Nfd7 5. c3 c5 6. Bd3 Nc6 7. Ne2 cxd4 8. cxd4
f6 9. exf6 Qxf6 10. Nf3 Bb4+ 11. Bd2 Bxd2+ 12. Qxd2 O-O 13. O-O e5 14. dxe5
Ndxe5 15. Nxe5 Nxe5 16. Nd4 Bd7 17. Rad1 Rae8 18. Be2 Bg4 19. Bxg4 Nxg4 20. Nf3
Rd8 21. Qb4 Qg6 22. Rd4 h5 23. Rf4 Rxf4 24. Qxf4 Rf8 25. Qg3 Re8 1/2-1/2

[Event "1MCR_3DE_1L_2S"]
[Site "?"]
[Date "2005.??.??"]
[Round "2"]
[White "Toman, Antonin"]
[Black "Klimecky, Tomas"]
[Result "1-0"]
[WhiteElo "2209"]
[BlackElo "1800"]
[PlyCount "49"]
[EventDate "2005.??.??"]
[EventType "corr"]
[SourceDate "2005.03.20"]

1. e4 c6 2. d4 d5 3. exd5 cxd5 4. c4 Nf6 5. Nc3 g6 6. cxd5 Nxd5 7. Qb3 Nb6 8.
Nf3 Bg7 9. Bb5+ Bd7 10. a4 Bxb5 11. Qxb5+ Qd7 12. Qb3 e6 13. a5 Nd5 14. Ne5
Bxe5 15. dxe5 Nc6 16. O-O Nxc3 17. bxc3 Nxe5 18. Rd1 Qc7 19. Qa4+ Qc6 20. Qf4
Nd7 21. Ba3 h6 22. Rd6 Qxc3 23. Rdd1 Qf6 24. Qd6 Rd8 25. Rac1 1-0

[Event "1MCR_3DE_1L_2S"]
[Site "?"]
[Date "2005.??.??"]
[Round "2"]
[White "Klimecky, Tomas"]
[Black "Pytlik, Lesek"]
[Result "0-1"]
[WhiteElo "1800"]
[BlackElo "2367"]
[PlyCount "46"]
[EventDate "2005.??.??"]
[EventType "corr"]
[SourceDate "2005.03.20"]

1. e4 e6 2. d4 d5 3. Nd2 c5 4. exd5 Qxd5 5. dxc5 Nf6 6. Ngf3 Nc6 7. Bc4 Qxc5 8.
O-O Bd6 9. Qe2 Qh5 10. c3 g5 11. Bb5 O-O 12. Qe3 h6 13. h3 g4 14. Nc4 Bc7 15.
Bxc6 bxc6 16. Nfe5 Ba6 17. Re1 gxh3 18. Qxh3 Qxh3 19. gxh3 Kh7 20. Kg2 Rad8 21.
Kf3 c5 22. Be3 Rd5 23. Rad1 Re8 0-1

[Event "1MCR_3DE_1L_2S"]
[Site "?"]
[Date "2005.??.??"]
[Round "2"]
[White "Klimecky, Tomas"]
[Black "Sedlaty, Martin"]
[Result "0-1"]
[WhiteElo "1800"]
[BlackElo "1800"]
[PlyCount "48"]
[EventDate "2005.??.??"]
[EventType "corr"]
[SourceDate "2005.03.20"]

1. e4 c5 2. c3 d5 3. d4 dxe4 4. d5 Nf6 5. c4 e6 6. Nc3 Be7 7. Bf4 Bd6 8. Bxd6
Qxd6 9. Qe2 exd5 10. cxd5 O-O 11. Nxe4 Nxe4 12. Qxe4 Nd7 13. O-O-O Nf6 14. Qd3
Qf4+ 15. Qd2 Qa4 16. b3 Qa3+ 17. Kb1 Rd8 18. Qg5 a5 19. d6 a4 20. Qc1 Qb4 21.
Qc4 Bf5+ 22. Kb2 a3+ 23. Kc1 Rac8 24. Be2 Ne4 0-1

[Event "1MCR_3DE_1L_2S"]
[Site "?"]
[Date "2005.??.??"]
[Round "2"]
[White "Binas, Jindrich"]
[Black "Svajdler, Frantisek"]
[Result "0-1"]
[WhiteElo "2114"]
[BlackElo "2168"]
[PlyCount "56"]
[EventDate "2005.??.??"]
[EventType "corr"]
[SourceDate "2005.03.20"]

1. e4 e5 2. Nf3 Nf6 3. Nxe5 d6 4. Nf3 Nxe4 5. d4 d5 6. Bd3 Bd6 7. O-O O-O 8. c4
c6 9. cxd5 cxd5 10. Nc3 Nxc3 11. bxc3 Bg4 12. Rb1 b6 13. h3 Bh5 14. Re1 Nc6 15.
Qa4 Rc8 16. Bg5 f6 17. Bd2 Bxf3 18. gxf3 Qd7 19. Kg2 Kh8 20. c4 Qf7 21. cxd5
Qxd5 22. Be3 Bb8 23. Be4 Qd6 24. Bxc6 Qxc6 25. Qxc6 Rxc6 26. Rec1 Rxc1 27. Rxc1
Kg8 28. f4 f5 0-1

[Event "1MCR_3DE_1L_3S"]
[Site "?"]
[Date "2005.??.??"]
[Round "3"]
[White "Portych, Vaclav"]
[Black "Mikoska, Josef"]
[Result "1/2-1/2"]
[WhiteElo "2024"]
[BlackElo "2134"]
[PlyCount "59"]
[EventDate "2005.??.??"]
[EventType "corr"]
[SourceDate "2005.03.20"]

1. c4 g6 2. Nc3 Bg7 3. g3 c5 4. Bg2 Nc6 5. Nf3 e5 6. O-O Nge7 7. a3 O-O 8. d3
d6 9. Rb1 a5 10. Bd2 h6 11. Ne1 Be6 12. Nd5 Rb8 13. Nxe7+ Qxe7 14. Nc2 f5 15.
b4 axb4 16. axb4 f4 17. bxc5 dxc5 18. Rb6 Qc7 19. Qb1 Bg4 20. Re1 Bd7 21. Be4
Kh7 22. Qb2 Bf5 23. Bxf5 Rxf5 24. Rb1 Nb4 25. Rb5 e4 26. Bc3 Bxc3 27. Qxc3 Nxc2
28. Qxc2 e3 29. f3 fxg3 30. h3 1/2-1/2

[Event "1MCR_3DE_1L_3S"]
[Site "?"]
[Date "2005.??.??"]
[Round "3"]
[White "Glaser, Karel"]
[Black "Valak, Alois"]
[Result "0-1"]
[WhiteElo "2039"]
[BlackElo "2250"]
[PlyCount "92"]
[EventDate "2005.??.??"]
[EventType "corr"]
[SourceDate "2005.03.20"]

1. e4 e5 2. Nf3 Nc6 3. Bb5 Nf6 4. O-O Nxe4 5. Re1 Nd6 6. Nxe5 Be7 7. Bd3 Nxe5
8. Rxe5 O-O 9. Nc3 Ne8 10. b3 c6 11. Bb2 d5 12. Qf3 Bd6 13. Ree1 Qg5 14. Ne2
Qxd2 15. Qh5 h6 16. Rad1 Qg5 17. Qxg5 hxg5 18. Nd4 Bg4 19. f3 Bd7 20. Bf5 Nf6
21. Bxd7 Nxd7 22. Nf5 Bc5+ 23. Kf1 f6 24. a4 g6 25. Nh6+ Kg7 26. Ng4 Rae8 27.
c4 Rxe1+ 28. Kxe1 Re8+ 29. Kf1 Re6 30. cxd5 Rd6 31. Ke2 cxd5 32. Bc3 d4 33. Bb2
Kf7 34. Nf2 Rb6 35. Ne4 Rxb3 36. Bxd4 Bxd4 37. Rxd4 Rb2+ 38. Rd2 Rxd2+ 39. Kxd2
Ke6 40. Kc3 Kd5 41. Nf2 a5 42. Nd1 Nc5 43. Nb2 f5 44. g3 g4 45. fxg4 fxg4 46.
Kd2 Kd4 0-1

[Event "1MCR_3DE_1L_3S"]
[Site "?"]
[Date "2005.??.??"]
[Round "3"]
[White "Valak, Alois"]
[Black "Svrsek, Radomir"]
[Result "1-0"]
[WhiteElo "2250"]
[BlackElo "2190"]
[PlyCount "81"]
[EventDate "2005.??.??"]
[EventType "corr"]
[SourceDate "2005.03.20"]

1. e4 e5 2. Nf3 Nc6 3. d4 exd4 4. Nxd4 Bc5 5. Be3 Qf6 6. c3 Nge7 7. Bc4 Ne5 8.
Be2 d5 9. O-O O-O 10. f4 N5c6 11. e5 Qh4 12. g3 Qh3 13. Bf2 Bb6 14. Nf3 Bxf2+
15. Rxf2 Qh6 16. Nbd2 f6 17. exf6 Qxf6 18. Bd3 Bf5 19. Bxf5 Qxf5 20. Qb3 Qd7
21. Re1 a5 22. Ng5 a4 23. Qb5 Rf6 24. Rfe2 Ng6 25. Ne6 b6 26. Nf3 Qd6 27. h4 a3
28. b4 Nf8 29. Nxf8 Raxf8 30. Qd3 g6 31. h5 Nd8 32. hxg6 Rxg6 33. Nh4 Rg4 34.
Re8 Nf7 35. Nf5 Qxf4 36. Kh1 Qg5 37. Qxd5 Rxg3 38. Rxf8+ Kxf8 39. Qa8+ Qd8 40.
Qxd8+ Nxd8 41. Nxg3 1-0

[Event "1MCR_3DE_1L_3S"]
[Site "?"]
[Date "2005.??.??"]
[Round "3"]
[White "Valak, Alois"]
[Black "Motejzik, Jaroslav"]
[Result "1-0"]
[WhiteElo "2250"]
[BlackElo "2000"]
[PlyCount "47"]
[EventDate "2005.??.??"]
[EventType "corr"]
[SourceDate "2005.03.20"]

1. e4 e6 2. d4 d5 3. Nc3 Nf6 4. Bg5 dxe4 5. Nxe4 Be7 6. Bxf6 Bxf6 7. Nf3 O-O 8.
Nxf6+ Qxf6 9. c3 Nd7 10. Bd3 e5 11. O-O exd4 12. Nxd4 Ne5 13. Be4 c6 14. Qc2 g6
15. Rae1 Rd8 16. f4 Nc4 17. f5 g5 18. Qe2 Nd6 19. Bc2 h6 20. a4 Bd7 21. Ne6
Rdc8 22. Rd1 Qe7 23. Qh5 Nxf5 24. Bxf5 1-0

[Event "1MCR_3DE_1L_1S"]
[Site "?"]
[Date "2005.??.??"]
[Round "1"]
[White "Lounek, Jan"]
[Black "Bares, Jiri"]
[Result "1-0"]
[WhiteElo "2380"]
[BlackElo "2174"]
[PlyCount "81"]
[EventDate "2005.??.??"]
[EventType "corr"]
[SourceDate "2005.03.20"]

1. d4 d5 2. c4 e6 3. Nf3 Nf6 4. Nc3 Be7 5. Bf4 O-O 6. e3 c6 7. Qc2 Nbd7 8. h3
Re8 9. Bd3 dxc4 10. Bxc4 Nd5 11. Bg3 Nxc3 12. bxc3 b6 13. O-O Bb7 14. Rfd1 Qc8
15. Bd3 Nf6 16. Ne5 c5 17. a4 cxd4 18. exd4 Bd6 19. a5 Qc7 20. c4 Rab8 21. Rdb1
h6 22. axb6 axb6 23. Rb3 Rec8 24. Rab1 Ba8 25. Qe2 Qb7 26. f4 Qc7 27. Bh4 Be7
28. f5 exf5 29. Bxf5 Rd8 30. Nxf7 Kxf7 31. Qe6+ Kf8 32. Bg6 Bc5 33. Bxf6 gxf6
34. Qxf6+ Kg8 35. Bf7+ Qxf7 36. Rg3+ Kf8 37. Qxh6+ Ke8 38. dxc5 bxc5 39. Re1+
Kd7 40. Rg7 Qxg7 41. Qxg7+ 1-0

[Event "1MCR_3DE_1L_3S"]
[Site "?"]
[Date "2005.??.??"]
[Round "3"]
[White "Sykora, Josef"]
[Black "Zednik, Martin"]
[Result "1/2-1/2"]
[WhiteElo "2394"]
[BlackElo "2077"]
[PlyCount "76"]
[EventDate "2005.??.??"]
[EventType "corr"]
[SourceDate "2005.03.20"]

1. c4 c5 2. Nc3 Nc6 3. Nf3 Nf6 4. g3 d5 5. cxd5 Nxd5 6. Bg2 Nc7 7. O-O e5 8. d3
Be7 9. Nd2 Bd7 10. Nc4 O-O 11. a4 f6 12. f4 exf4 13. gxf4 f5 14. Ne5 Nxe5 15.
fxe5 Be6 16. Kh1 Qd4 17. Bxb7 Rab8 18. Bg2 Rb4 19. e4 fxe4 20. Nxe4 Rbb8 21.
Rxf8+ Rxf8 22. Bd2 Nd5 23. Qg1 Qxd3 24. Bh6 Rf7 25. Rd1 Qb3 26. Bg5 Bf8 27. Bc1
Rf5 28. Ng5 Nc7 29. Rd8 Rxe5 30. Bf4 Rf5 31. Bxc7 Rxg5 32. Bd6 Rf5 33. Bxf8
Rxf8 34. Rxf8+ Kxf8 35. Qxc5+ Kg8 36. Qd4 Qc2 37. h3 Qc1+ 38. Kh2 Qc7+ 1/2-1/2

[Event "1MCR_3DE_1L_3S"]
[Site "?"]
[Date "2005.??.??"]
[Round "3"]
[White "Hlavacek, Ladislav"]
[Black "Cakl, Zdenek"]
[Result "1/2-1/2"]
[WhiteElo "2009"]
[BlackElo "2139"]
[PlyCount "73"]
[EventDate "2005.??.??"]
[EventType "corr"]
[SourceDate "2005.03.20"]

1. c4 e6 2. d4 d5 3. e3 Nf6 4. Nf3 Be7 5. Nc3 O-O 6. Be2 Nbd7 7. O-O b6 8. cxd5
Nxd5 9. Nxd5 exd5 10. b3 Nf6 11. Bb2 Bb7 12. Qc2 Ne4 13. Ne5 Bd6 14. f3 Nf6 15.
Qf5 Qe7 16. Bd3 Bc8 17. Qg5 h6 18. Qh4 Bb7 19. Rae1 a5 20. e4 a4 21. Nc6 Qe6
22. exd5 Qxd5 23. Ne7+ Bxe7 24. Rxe7 axb3 25. Re5 Qd6 26. axb3 Ba6 27. Bxa6
Rxa6 28. Qe1 c6 29. Qc1 Nd5 30. Rfe1 Qg6 31. R5e4 Rfa8 32. Rg4 Qd6 33. Rge4 Kh7
34. R1e2 Ra2 35. Qb1 Qg6 36. Qc1 Rd8 37. Rc2 1/2-1/2

[Event "1MCR_3DE_1L_2S"]
[Site "?"]
[Date "2005.??.??"]
[Round "2"]
[White "Cakl, Miloslav"]
[Black "Soucha, Stepan"]
[Result "0-1"]
[WhiteElo "1907"]
[BlackElo "2340"]
[PlyCount "66"]
[EventDate "2005.??.??"]
[EventType "corr"]
[SourceDate "2005.03.20"]

1. e4 e5 2. Nf3 Nc6 3. Bc4 Bc5 4. d3 Nf6 5. Nc3 d6 6. Bg5 h6 7. Bxf6 Qxf6 8.
Nd5 Qd8 9. c3 a6 10. d4 exd4 11. cxd4 Ba7 12. Rc1 O-O 13. O-O Bg4 14. Bxa6 Bxf3
15. gxf3 Nxd4 16. Bxb7 Rb8 17. Rxc7 Ne6 18. Re7 Nf4 19. Bc6 Rxb2 20. Kh1 Nxd5
21. Rxa7 Nf4 22. Rb7 Rxb7 23. Bxb7 Qh4 24. Bc6 Rb8 25. Bd7 Rb2 26. Qd4 Re2 27.
Rg1 g6 28. Rc1 Kh7 29. Rf1 Qg5 30. Bg4 h5 31. Qc4 d5 32. Qc7 Qf6 33. e5 Rxe5
0-1

[Event "1MCR_3DE_1L_2S"]
[Site "?"]
[Date "2005.??.??"]
[Round "2"]
[White "Soucha, Stepan"]
[Black "Paukert, Martin"]
[Result "1-0"]
[WhiteElo "2335"]
[BlackElo "2057"]
[PlyCount "57"]
[EventDate "2005.??.??"]
[EventType "corr"]
[SourceDate "2005.03.20"]

1. d4 d5 2. c4 dxc4 3. e4 b5 4. a4 Bb7 5. axb5 Bxe4 6. Nc3 Bb7 7. Nf3 e6 8.
Bxc4 Nf6 9. O-O Be7 10. Qe2 O-O 11. Rd1 Nd5 12. Ne5 c6 13. Nxd5 cxd5 14. Bd3
Bd6 15. Bf4 Qe7 16. Rdc1 Nd7 17. Nc6 Bxc6 18. Bxd6 Qxd6 19. bxc6 Nb6 20. Qc2 g6
21. c7 a5 22. Qc6 Qb4 23. Bb5 Nc4 24. b3 Nd6 25. Ba6 Ra7 26. Ra4 Qxb3 27. Raa1
Nc8 28. Rcb1 Rxa6 29. Qxa6 1-0

[Event "1MCR_3DE_1L_1S"]
[Site "?"]
[Date "2005.??.??"]
[Round "1"]
[White "Pecka, Josef"]
[Black "Baciak, Miloslav"]
[Result "1-0"]
[WhiteElo "2309"]
[BlackElo "1895"]
[PlyCount "107"]
[EventDate "2005.??.??"]
[EventType "corr"]
[SourceDate "2005.03.20"]

1. e4 e5 2. f4 exf4 3. Bc4 Nf6 4. Nc3 c6 5. Bb3 d5 6. exd5 cxd5 7. d4 Bd6 8.
Nge2 O-O 9. Bxf4 Bxf4 10. Nxf4 Bg4 11. Qd3 Re8+ 12. Kf2 Nc6 13. Rhe1 Be6 14.
Kg1 Qd7 15. Qd2 Rad8 16. Re3 Qd6 17. Rg3 h6 18. Rf1 a6 19. a3 Re7 20. Nfe2 Nh5
21. Re3 Ree8 22. Qe1 Nf6 23. Rxf6 gxf6 24. Qh4 Kh7 25. Qxf6 Qe7 26. Qf2 Qg5 27.
h4 Qf5 28. Rf3 Qg4 29. Rg3 Qf5 30. Rf3 Qg4 31. Nf4 Ne7 32. Rg3 Qf5 33. Re3 Kh8
34. Re5 Qf6 35. Nxe6 Qxf2+ 36. Kxf2 fxe6 37. Rxe6 Nf5 38. Rb6 Nxd4 39. Bxd5
Rf8+ 40. Kg3 Rd6 41. Rxd6 Nf5+ 42. Kf4 Nxd6+ 43. Ke5 Rd8 44. Ke6 Ne8 45. Ke7 b5
46. Kxd8 Nd6 47. Kc7 Nf5 48. Kb6 Nxh4 49. Kxa6 Nf5 50. Kxb5 Nd4+ 51. Kc5 Nxc2
52. a4 Ne1 53. Be4 Nxg2 54. Bxg2 1-0

[Event "1MCR_3DE_1L_3S"]
[Site "?"]
[Date "2005.??.??"]
[Round "3"]
[White "Bednarik, Radovan"]
[Black "Valak, Alois"]
[Result "0-1"]
[WhiteElo "2201"]
[BlackElo "2250"]
[PlyCount "105"]
[EventDate "2005.??.??"]
[EventType "corr"]
[SourceDate "2005.03.20"]

1. d4 Nf6 2. c4 e6 3. Nf3 b6 4. e3 Bb7 5. Bd3 d5 6. cxd5 exd5 7. O-O Bd6 8. Nc3
O-O 9. Qc2 Re8 10. Nb5 Ba6 11. Ng5 h6 12. Nxd6 Qxd6 13. Bxa6 Nxa6 14. Nf3 Nb4
15. Qb1 c5 16. a3 Nc6 17. dxc5 bxc5 18. b4 cxb4 19. axb4 Qxb4 20. Bb2 Ne4 21.
Qa2 Qc4 22. Qa3 a5 23. Rac1 Qb5 24. Qa1 f6 25. Nd4 Nxd4 26. Bxd4 Nd2 27. Rfd1
Nb3 28. Qb2 Rac8 29. h3 a4 30. Rb1 Rc4 31. Qa3 Qd7 32. Rxb3 axb3 33. Qxb3 Qf5
34. Qb1 Rc2 35. Rf1 Rec8 36. Kh2 Kh7 37. Qb7 R8c4 38. Qb1 Ra4 39. Kh1 Raa2 40.
Kg1 h5 41. Bc3 Kh6 42. Be1 Qd3 43. Qb8 Kh7 44. g4 Qe4 45. Qf4 Qxf4 46. exf4 Rc4
47. f3 d4 48. Bg3 Rcc2 49. Bf2 g6 50. h4 g5 51. hxg5 fxg5 52. gxh5 gxf4 53. h6
0-1

[Event "1MCR_3DE_1L_3S"]
[Site "?"]
[Date "2005.??.??"]
[Round "3"]
[White "Svrsek, Radomir"]
[Black "Zednik, Martin"]
[Result "1-0"]
[WhiteElo "2190"]
[BlackElo "2077"]
[PlyCount "123"]
[EventDate "2005.??.??"]
[EventType "corr"]
[SourceDate "2005.03.20"]

1. c4 c5 2. Nf3 Nf6 3. Nc3 Nc6 4. d4 cxd4 5. Nxd4 e6 6. Ndb5 Bb4 7. Bf4 O-O 8.
Bc7 Qe7 9. Bd6 Bxd6 10. Qxd6 Qd8 11. e3 a6 12. Nd4 Ne8 13. Nxc6 bxc6 14. Qg3 f5
15. Be2 d5 16. O-O Qd6 17. Qxd6 Nxd6 18. b3 Rd8 19. Rfd1 a5 20. Na4 Kf7 21.
Rac1 Ke7 22. Nc5 Rb8 23. f3 g5 24. Kf2 Bd7 25. h4 h6 26. g3 Nb7 27. hxg5 hxg5
28. Nd3 Nd6 29. Rh1 dxc4 30. Rh7+ Kf6 31. bxc4 Nf7 32. e4 a4 33. Rd1 a3 34. f4
fxe4 35. Nc5 Be8 36. Nxe4+ Kg6 37. Rxd8 Rxd8 38. Rh1 e5 39. Ke3 Kg7 40. fxg5
Rd4 41. Nf6 Nd6 42. Rh7+ Kg6 43. Bd3+ Rxd3+ 44. Kxd3 Bf7 45. Rh4 Kxg5 46. c5
Nb5 47. Ne4+ Kg6 48. Rg4+ Kh6 49. Nc3 Nxc3 50. Kxc3 Bxa2 51. Ra4 Bd5 52. Rxa3
Kg6 53. Kd3 Kf5 54. Ke3 Kg4 55. Ra7 Bg2 56. Rg7+ Kf5 57. g4+ Kf6 58. Rd7 Kg5
59. Rd2 Kf6 60. Rd6+ Kg5 61. Kf2 Bh1 62. Kg3 1-0

[Event "1MCR_3DE_1L_3S"]
[Site "?"]
[Date "2005.??.??"]
[Round "3"]
[White "Svrsek, Radomir"]
[Black "Glaser, Karel"]
[Result "0-1"]
[WhiteElo "2190"]
[BlackElo "2039"]
[PlyCount "136"]
[EventDate "2005.??.??"]
[EventType "corr"]
[SourceDate "2005.03.20"]

1. e4 e5 2. Nf3 Nc6 3. Bc4 Bc5 4. c3 Nf6 5. d3 d6 6. O-O O-O 7. b4 Bb6 8. a4 a5
9. b5 Ne7 10. Bg5 Ng6 11. Nbd2 h6 12. Be3 Bxe3 13. fxe3 c6 14. bxc6 bxc6 15.
Qe1 d5 16. exd5 cxd5 17. Bb5 Qb6 18. c4 Ng4 19. d4 e4 20. c5 Qd8 21. h3 exf3
22. hxg4 fxg2 23. Kxg2 Bxg4 24. Qg3 h5 25. Kg1 f5 26. Rae1 Qf6 27. Nb3 Ra7 28.
Qg2 Rd8 29. Bd3 Nh4 30. Qg3 g5 31. Be2 Rf8 32. Bxg4 hxg4 33. Nd2 Rg7 34. Rb1 f4
35. Qxg4 Nf5 36. Rb6 Qf7 37. e4 dxe4 38. Nxe4 Qd5 39. Nf2 Nxd4 40. Rd1 Qxc5 41.
Rh6 Qe5 42. Nd3 Qe3+ 43. Nf2 Ne2+ 44. Kf1 Ng3+ 45. Kg1 Nf5 46. Rh3 Qe6 47. Rh5
Kf7 48. Rb1 Re8 49. Qh3 Nd4 50. Ng4 Qe5 51. Rf1 Nf5 52. Qc3 Kg6 53. Rh2 Qd4+
54. Qxd4 Nxd4 55. Rb2 Rge7 56. Rb6+ Kf5 57. Nh6+ Ke4 58. Rf6 Re6 59. Ng4 Kd3
60. Rd1+ Kc4 61. Rxe6 Rxe6 62. Kf1 f3 63. Rc1+ Kb4 64. Rd1 Re4 65. Nf6 Rh4 66.
Kf2 Kxa4 67. Rb1 Ka3 68. Nd5 a4 0-1

[Event "1MCR_3DE_1L_3S"]
[Site "?"]
[Date "2005.??.??"]
[Round "3"]
[White "Mika, Petr"]
[Black "Hlavacek, Ladislav"]
[Result "1/2-1/2"]
[WhiteElo "1715"]
[BlackElo "2009"]
[PlyCount "77"]
[EventDate "2005.??.??"]
[EventType "corr"]
[SourceDate "2005.03.20"]

1. e4 c5 2. Nf3 Nc6 3. Bb5 e5 4. O-O Nf6 5. Bxc6 dxc6 6. Nxe5 Qc7 7. f4 Bd6 8.
Nc4 Be7 9. d3 b5 10. e5 Nd5 11. Ne3 O-O 12. a4 b4 13. Qf3 Kh8 14. b3 f6 15. Bb2
Be6 16. Nxd5 Bxd5 17. Qg3 Qb6 18. Kh1 fxe5 19. Nd2 Rf6 20. f5 Rf7 21. Bxe5 Re8
22. Rae1 Qd8 23. Bc7 Qd7 24. Bd6 Bxd6 25. Rxe8+ Qxe8 26. Qxd6 Qe7 27. Qxe7 Rxe7
28. Rf2 Re1+ 29. Nf1 Kg8 30. h4 c4 31. bxc4 Bf7 32. g4 Ra1 33. Kg2 Rxa4 34. Nd2
Ra2 35. Nb3 a5 36. Nc5 a4 37. Kf3 a3 38. Re2 h6 39. Re7 1/2-1/2

[Event "1MCR_3DE_1L_3S"]
[Site "?"]
[Date "2005.??.??"]
[Round "3"]
[White "Bednarik, Radovan"]
[Black "Mikoska, Josef"]
[Result "1/2-1/2"]
[WhiteElo "2201"]
[BlackElo "2134"]
[PlyCount "100"]
[EventDate "2005.??.??"]
[EventType "corr"]
[SourceDate "2005.03.20"]

1. d4 g6 2. c4 Bg7 3. e4 d6 4. Nc3 e5 5. d5 f5 6. exf5 Bxf5 7. Bd3 Bxd3 8. Qxd3
Na6 9. Nf3 Ne7 10. Ne4 Nf5 11. O-O h6 12. Bd2 O-O 13. Rfe1 Qe7 14. b4 Nb8 15.
a4 Nd7 16. a5 a6 17. b5 Nf6 18. Rab1 Nxe4 19. Rxe4 Rab8 20. b6 Kh7 21. h4 Qd7
22. h5 gxh5 23. bxc7 Qxc7 24. Nh4 Kg8 25. Nxf5 Rxf5 26. Rb6 Rd8 27. Be3 Qf7 28.
Qb1 Rd7 29. Rh4 Rf6 30. Qd1 Qg6 31. Qb3 Qf5 32. Rxb7 Rxb7 33. Qxb7 Rg6 34. Qb8+
Kh7 35. Kh2 Bf6 36. Qf8 Qd7 37. Re4 h4 38. f3 h5 39. c5 dxc5 40. Qxc5 h3 41.
gxh3 Qf5 42. Qc7+ Bg7 43. Qc2 Qxf3 44. Bg5 Qf5 45. h4 Rd6 46. Qe2 Rxd5 47. Rb4
e4 48. Qxh5+ Kg8 49. Qe8+ Bf8 50. Rxe4 Qf2+ 1/2-1/2

[Event "1MCR_3DE_1L_3S"]
[Site "?"]
[Date "2005.??.??"]
[Round "3"]
[White "Hlavacek, Ladislav"]
[Black "Bednarik, Radovan"]
[Result "1/2-1/2"]
[WhiteElo "2009"]
[BlackElo "2201"]
[PlyCount "124"]
[EventDate "2005.??.??"]
[EventType "corr"]
[SourceDate "2005.03.20"]

1. d4 d5 2. Bf4 Nf6 3. e3 e6 4. Nf3 Bd6 5. Bxd6 Qxd6 6. c4 O-O 7. Nc3 a6 8. c5
Qe7 9. Qb3 Nbd7 10. Be2 Ne4 11. Rc1 f5 12. O-O Rb8 13. Rfe1 Rf6 14. Bd3 Rh6 15.
Ne2 c6 16. Bc2 b6 17. cxb6 Rxb6 18. Qa3 Qxa3 19. bxa3 g5 20. Bxe4 fxe4 21. Nxg5
e5 22. f4 exd4 23. Nxd4 Nf8 24. f5 Rf6 25. Nh3 Nd7 26. Nf4 Rd6 27. Nfe6 a5 28.
Rc3 Ne5 29. Rb3 Rxb3 30. axb3 Nd3 31. Re2 Bxe6 32. Nxe6 Kf7 33. Rc2 Kf6 34. Kf1
Ne5 35. Nd4 a4 36. bxa4 Nc4 37. Ke2 c5 38. Ne6 Kxf5 39. Nxc5 Rg6 40. g3 Rh6 41.
h4 Rc6 42. Nb3 Kg4 43. a5 Kxg3 44. h5 Kg4 45. Rc1 Kxh5 46. a4 Kg6 47. Rd1 Nxe3
48. Rg1+ Kh5 49. Nd4 Rc3 50. a6 Ra3 51. a7 Rxa4 52. Kxe3 Rxa7 53. Kf4 Ra4 54.
Rg5+ Kh4 55. Nf5+ Kh3 56. Ne3 Kh4 57. Rxd5 h6 58. Nf5+ Kh5 59. Ng3+ Kg6 60.
Rd6+ Kf7 61. Rxh6 e3+ 62. Kxe3 Rb4 1/2-1/2

[Event "1MCR_3DE_1L_3S"]
[Site "?"]
[Date "2005.??.??"]
[Round "3"]
[White "Mikoska, Josef"]
[Black "Zednik, Martin"]
[Result "1/2-1/2"]
[WhiteElo "2134"]
[BlackElo "2077"]
[PlyCount "115"]
[EventDate "2005.??.??"]
[EventType "corr"]
[SourceDate "2005.03.20"]

1. e4 e5 2. Nf3 Nc6 3. Bb5 a6 4. Ba4 Nf6 5. O-O Be7 6. Re1 b5 7. Bb3 O-O 8. c3
d6 9. h3 Na5 10. Bc2 c5 11. d4 Qc7 12. Nbd2 cxd4 13. cxd4 Nc6 14. Nb3 a5 15.
Be3 a4 16. Nbd2 Bd7 17. Rc1 Qb7 18. a3 Rfc8 19. Qe2 b4 20. Bd3 exd4 21. Nxd4 d5
22. exd5 Nxd4 23. Rxc8+ Rxc8 24. Bxd4 Qxd5 25. Nf3 Be6 26. axb4 Bxb4 27. Rd1
Qh5 28. Ba6 Ra8 29. Bxf6 gxf6 30. Bc4 Qf5 31. Bd3 Qf4 32. Nd4 Qe5 33. Qc2 Bd5
34. Bxh7+ Kg7 35. Nf5+ Kh8 36. Qc1 Re8 37. Ne3 Bd6 38. Ng4 Qf4 39. Qxf4 Bxf4
40. Bc2 Bc6 41. Nxf6 Rc8 42. Rd4 Be5 43. Rh4+ Kg7 44. Nh5+ Kf8 45. Ng3 Bd5 46.
Bxa4 Bxb2 47. Rb4 Bc3 48. Rb1 Be6 49. Rc1 Be5 50. Rxc8+ Bxc8 51. Nf1 f5 52. Ne3
f4 53. Nc4 Bc3 54. Nd6 Be6 55. Bc6 Be5 56. Ne4 Kg7 57. Bb7 Bc4 58. g4 1/2-1/2